Weasleys' Wizard Wheezes Products Quiz Stats

 Plays Quiz Updated Jun 3, 2013

Challenge
Share
Tweet
Embed
Score 0/16 Timer 05:00
0 Plays Today
% Correct
Extendable Ears
90.3%
Puking Pastilles
85.6%
Nosebleed Nougat
85.2%
Fainting Fancies
80%
Love Potions
78.7%
Fever Fudge
75.4%
Skiving Snackboxes
74.8%
Canary Creams
73.1%
% Correct
Peruvian Instant Darkness Powder
73.1%
Ton-Tongue Toffees
72.8%
Decoy Detonators
71.3%
Edible Dark Marks
61%
U-No-Poo
58.1%
Patented Daydream Charms
54%
Shield Hats
50.1%
Shield Cloaks
43.1%

You're not logged in!

Compare scores with friends on all Sporcle quizzes.
Join for Free
OR
Log In

You Might Also Like...

Show Comments

Extras

Top Quizzes Today


Score Distribution

Your Account Isn't Verified!

In order to create a playlist on Sporcle, you need to verify the email address you used during registration. Go to your Sporcle Settings to finish the process.

Report this User

Report this user for behavior that violates our Community Guidelines.

Details: